LEADER 01323nas 2200421-a 450 001 996217389303316 005 20211110213021.0 035 $a(OCoLC)60622550 035 $a(CKB)960238801433 035 $a(CONSER)--2012236805 035 $a(EXLCZ)99960238801433 100 $a20050614a19749999 s-- - 101 0 $aeng 135 $aurun||||||||| 181 $ctxt$2rdacontent 182 $cc$2rdamedia 183 $acr$2rdacarrier 200 10$aJournal of instructional psychology 210 $a[Milwaukee, Wis.] $c[V-U Pub. Co.] 215 $a1 online resource (volumes) 300 $aRefereed/Peer-reviewed 311 $a0094-1956 606 $aEducational psychology$vPeriodicals 606 $aPsychopédagogie$vPériodiques 606 $aEducational Technology$2ebps 606 $aEducational Psychology$2ebps$3(uri) http://id.worldcat.org/fast/fst00903571 606 $aEducational psychology$2fast$3(OCoLC)fst00903571 608 $aPeriodicals.$2fast 615 0$aEducational psychology 615 6$aPsychopédagogie 615 7$aEducational Technology. 615 7$aEducational Psychology. 615 7$aEducational psychology. 676 $a370.15/05 906 $aJOURNAL 912 $a996217389303316 996 $aJournal of instructional psychology$91968266 997 $aUNISA LEADER 02940nam 2200565 450 001 9910816437703321 005 20200520144314.0 010 $a0-8108-9121-2 035 $a(CKB)2550000001120720 035 $a(EBL)1420614 035 $a(OCoLC)862830529 035 $a(SSID)ssj0000999949 035 $a(PQKBManifestationID)12472682 035 $a(PQKBTitleCode)TC0000999949 035 $a(PQKBWorkID)10942416 035 $a(PQKB)11107577 035 $a(MiAaPQ)EBC1420614 035 $a(Au-PeEL)EBL1420614 035 $a(CaPaEBR)ebr10768646 035 $a(CaONFJC)MIL523919 035 $a(EXLCZ)992550000001120720 100 $a20130606h20132013 uy| 0 101 0 $aeng 135 $aur|n|---||||| 181 $ctxt 182 $cc 183 $acr 200 10$aCollege sports traditions $epicking up Butch, Silent Night, and hundreds of others /$fStan Beck, Jack Wilkinson 210 1$aLanham, Maryland :$cScarecrow Press, Inc.,$d[2013] 210 4$d©2013 215 $a1 online resource (437 p.) 300 $aDescription based upon print version of record. 311 $a0-8108-9120-4 311 $a1-299-92668-1 320 $aIncludes bibliographical references and index. 327 $aCOLLEGE SPORTS TRADITIONS; CONTENTS; Preface; Acknowledgments; Introduction; 1 Traditions before the Game; 2 Traditions during the Game; 3 Traditions after a Score; 4 Traditions after the 00:00's; 5 Annual Traditions; 6 Traditions Involving Bands/Music; 7 Entrance Traditions; 8 Traditions Reflecting the Culture of the University; 9 Fan-Related/Nickname Traditions; 10 Intramurals/Club Sports Traditions; 11 Traditions for a Good Cause; 12 Mascot Traditions; 13 Miscellaneous Traditions; 14 Patriotic Traditions; 15 Personal Traditions; 16 Preseason Traditions 327 $a17 Traditions Probably Not University Sanctioned18 Rivalries/the Winners Get What?; 19 Venues; 20 Walks; 21 Yells, Cheers, and Chants . . . Oh, My!; 22 My College Did What, First?; Bibliography; Index; About the Authors 330 $aCollege sports fans number almost 175 million strong, and each has a loyalty to their team and the traditions they share. From the crazy and eccentric to the touching and meaningful, these traditions connect fans and athletes across generations. College Sports Traditions details not only the well-known traditions of major universities, but also the obscure customs of smaller schools. Approximately 1,000 traditions are captured in this volume, covering hundreds of universities and colleges and almost every college sport.< 606 $aCollege sports$vMiscellanea 615 0$aCollege sports 676 $a796.043 700 $aBeck$b Stan$f1948-$01697506 701 $aWilkinson$b Jack$01697507 801 0$bMiAaPQ 801 1$bMiAaPQ 801 2$bMiAaPQ 906 $aBOOK 912 $a9910816437703321 996 $aCollege sports traditions$94078269 997 $aUNINA